Fuentes de información para el estudio de la criminología: búsqueda, recuperación y gestión de recursos digitales (Registro nro. 11948)
[ vista simple ]
| 000 -Cabecera | |
|---|---|
| Campo de control de longitud fija | 00936ntm a22003137a 4500 |
| 005 - Fecha y hora de la última transacción | |
| Campo de control | 20260324183732.0 |
| 008 - Elementos de longitud fija--Información general | |
| Campo de control de longitud fija | 190524b2018 xxu||||| |||| 00| 0 spa d |
| 020 ## - International Standard Book Number | |
| Número Internacional Estándar del Libro (ISBN) | 9788497049184 |
| 041 ## - Idioma | |
| Código de idioma | Español |
| 082 ## - Clasificación Decimal Dewey | |
| Número de clasificación | 001.42 M379f |
| 100 ## - Entrada principal--Autor personal | |
| Nombre personal | Martín González, Yolanda |
| 100 ## - Entrada principal--Autor personal | |
| Nombre personal | Toro Pascua, José C. |
| 245 ## - Título propiamente dicho | |
| Título | Fuentes de información para el estudio de la criminología: búsqueda, recuperación y gestión de recursos digitales |
| 260 ## - Pie de imprenta | |
| Lugar de publicación, distribución, etc. | España |
| 260 ## - Pie de imprenta | |
| Nombre del editor, distribuidor, etc. | Trea |
| 260 ## - Pie de imprenta | |
| Fecha de publicación, distribución, etc. | 2018 |
| 300 ## - Descripción física | |
| Extensión | 396 páginas |
| 490 ## - Serie | |
| Título de la Serie | Investigación Criminal |
| 505 ## - Nota de contenido | |
| Nota de contenido | Índice de figuras y de tablas |
| 650 ## - Materia general | |
| Temática (materia general) | MÉTODOS DE INVESTIGACIÓN |
| 650 ## - Materia general | |
| Temática (materia general) | FUENTES DE INFORMACIÓN |
| 650 ## - Materia general | |
| Temática (materia general) | RECURSOS DE INFORMACIÓN |
| 650 ## - Materia general | |
| Temática (materia general) | BÚSQUEDA DE INFORMACIÓN |
| 650 ## - Materia general | |
| Temática (materia general) | RECUPERACIÓN DE INFORMACIÓN |
| 650 ## - Materia general | |
| Temática (materia general) | CRIMINOLOGÍA |
| 650 ## - Materia general | |
| Temática (materia general) | INTERNET |
| 650 ## - Materia general | |
| Temática (materia general) | REDES SOCIALES |
| 942 ## - Punto de acceso adicional KOHA | |
| Tipo de ítem KOHA | Libro |
| Fuente del sistema de clasificación o colocación | Dewey Decimal Classification |
| Signatura completa | Código de barras | Programa Académico | Tipo de ítem |
|---|---|---|---|
| 001.42 M379f | 24310 | Temática General | Libro |